<?xml version="1.0" encoding="UTF-8"?>
<record
    xmlns:xsi="http://www.w3.org/2001/XMLSchema-instance"
    xsi:schemaLocation="http://www.loc.gov/MARC21/slim http://www.loc.gov/standards/marcxml/schema/MARC21slim.xsd"
    xmlns="http://www.loc.gov/MARC21/slim">

  <leader>00342nam a22001217a 4500</leader>
  <controlfield tag="008">260429b        |||||||| |||| 00| 0 eng d</controlfield>
  <datafield tag="082" ind1=" " ind2=" ">
    <subfield code="a">002010</subfield>
  </datafield>
  <datafield tag="100" ind1=" " ind2=" ">
    <subfield code="a">Ramanujan, P </subfield>
  </datafield>
  <datafield tag="245" ind1=" " ind2=" ">
    <subfield code="a">Rgveda Samhiteya Vaidikavyakarna Prakriya Part 4</subfield>
  </datafield>
  <datafield tag="260" ind1=" " ind2=" ">
    <subfield code="a">Bnagalore</subfield>
    <subfield code="b"> Parankushachar Institute of Vedic Studies.</subfield>
    <subfield code="c">2021</subfield>
  </datafield>
  <datafield tag="300" ind1=" " ind2=" ">
    <subfield code="a">274p</subfield>
  </datafield>
  <datafield tag="942" ind1=" " ind2=" ">
    <subfield code="2">ddc</subfield>
  </datafield>
  <datafield tag="999" ind1=" " ind2=" ">
    <subfield code="c">1350</subfield>
    <subfield code="d">1350</subfield>
  </datafield>
  <datafield tag="952" ind1=" " ind2=" ">
    <subfield code="0">0</subfield>
    <subfield code="1">0</subfield>
    <subfield code="2">ddc</subfield>
    <subfield code="4">0</subfield>
    <subfield code="6">002010_000000000000000</subfield>
    <subfield code="7">0</subfield>
    <subfield code="9">1666</subfield>
    <subfield code="a">KSU</subfield>
    <subfield code="b">KSU</subfield>
    <subfield code="c">GEN</subfield>
    <subfield code="d">2025-06-12</subfield>
    <subfield code="e"> Parankushachar Institute of Vedic Studies.</subfield>
    <subfield code="i">001</subfield>
    <subfield code="l">0</subfield>
    <subfield code="o">002010</subfield>
    <subfield code="p">002010</subfield>
    <subfield code="r">2026-04-29</subfield>
    <subfield code="w">2026-04-29</subfield>
    <subfield code="y">BK</subfield>
  </datafield>
  <datafield tag="952" ind1=" " ind2=" ">
    <subfield code="0">0</subfield>
    <subfield code="1">0</subfield>
    <subfield code="2">ddc</subfield>
    <subfield code="4">0</subfield>
    <subfield code="6">002010_000000000000000</subfield>
    <subfield code="7">0</subfield>
    <subfield code="9">1667</subfield>
    <subfield code="a">KSU</subfield>
    <subfield code="b">KSU</subfield>
    <subfield code="c">GEN</subfield>
    <subfield code="d">2025-06-12</subfield>
    <subfield code="e"> Parankushachar Institute of Vedic Studies.</subfield>
    <subfield code="i">001</subfield>
    <subfield code="l">0</subfield>
    <subfield code="o">002010</subfield>
    <subfield code="p">002011</subfield>
    <subfield code="r">2026-04-29</subfield>
    <subfield code="w">2026-04-29</subfield>
    <subfield code="y">BK</subfield>
  </datafield>
</record>
